00383 2200157 4500001002100000005001500021035002000036245002900056100001600085300002800101260004000129082000800169084001400177020002200191990001200213INLIS00000000000186320250515102519 a0010-05250001551 aSmartMath /cOptima Team0 aOptima Team a158 hlm ;c15 x 20,5 cm aJakarta :bCV. Putra Pratama,c2011 a510 a510 OPT s a987-979-15894-0-7 a0754817